Statistics for Things the Very Hungry Caterpillar Ate Through

Click here to take the quiz!

General Stats

  • This quiz has been taken 50 times
  • The average score is 8 of 16

Answer Stats

HintAnswer% Correct
On Monday, he ate through 1 _____Apple
97%
The next day was Sunday again. The Caterpillar ate through 1 _____ ____Green Leaf
74%
On Friday, he ate through 5 _______Oranges
53%
On Tuesday, he ate though 2 _____Pears
53%
On Thursday, he ate through 4 ____________Strawberries
47%
And 1 slice of __________Watermelon
47%
On Saturday, he ate through 1 piece of _________ ____,Chocolate Cake
44%
On Wednesday, he ate through 3 _____Plums
44%
1 slice of ______,Salami
44%
1 ___ _____ ____,Ice Cream Cone
41%
1 ________,Lollipop
41%
1 _______,Sausage
41%
1 slice of _____ ______,Swiss Cheese
41%
1 _______,Cupcake
35%
1 piece of ______ ___,Cherry Pie
32%
1 ______,Pickle
29%

Score Distribution

Percentile by Number Answered

Percent of People with Each Score

Your Score History

You have not taken this quiz